000 01902nas a2200277Ia 4500
001 R262-R5457
003 IT-CnALBA
008 170116c99999999xx |||||||||||| ||und||
040 _aIT-CnALBA
_cIT-CnALBA
041 _aLATINO
100 _aPIO XII, PAPA PACELLI EUGENIO.
210 _aACTA APOSTOLICAE SEDIS
222 _aACTA APOSTOLICAE SEDIS
245 0 _aACTA APOSTOLICAE SEDIS. GENNAIO-DICEMBRE 1949. COMMENTARIUM OFFICIALE.
250 _a1a ed.
260 _a ROMAE
_bTYPIS POLIGLOTTIS VATICANIS.
_c1949 [1° Ed.:1949 - Ed.Ling.Originale: 1949]
300 _a624 p.
310 _aMENSILE/VARIABILE
362 _aFascicolo: 1-14 / Anno: 41 (1949)
500 _aATTI DEL PAPA. CONCISTORO SEGRETO. PEOVVISTA DI CHIESE. RICHIESTA DEL PALLIO. COSTITUZIONI APOSTOLICHE. EPISTOLE "PRIMO REVOLUTO SAECULO". "QUANQUAM NON IGNOTUS". ALLOCUZIONI AI GIURISTI D'ITALIA. AGLI IMPIEGATI E AVVOCATI DELLA SACRA ROMANA ROTA. DISCORSO AGLI AMMALATI PER RADIO. CONGREGAZIONE CONCISTORIALE. PROVVISTA DI CHIESE. CONGREGAZIONE DEI SACRAMENTI, DECRETO. COMUNICAZIONE DELLA CONGREGAZIONE DEI RITI. LETTERA AGLI ORDINARI DEL LUOGO. DELLA SACRA ROMANA ROTA, CITAZIONI, NULLITA' DI MATRIMONIO.
501 _aSocietà San Paolo EM - Piazza San Paolo, 14 - 12051 ALBA (CN) (non commercial uses only) ® Copyright 2017
520 _aATTI DEL PAPA. CONCISTORO SEGRETO. PEOVVISTA DI CHIESE. RICHIESTA DEL PALLIO. COSTITUZIONI APOSTOLICHE. EPISTOLE "PRIMO REVOLUTO SAECULO". "QUANQUAM NON IGNOTUS". ALLOCUZIONI AI GIURISTI D'ITALIA. AGLI IMPIEGATI E AVVOCATI DELLA SACRA ROMANA ROTA. DISCORSO AGLI AMMALATI PER RADIO. CONGREGAZIONE CONCISTORIALE. PROVVISTA DI CHIESE. CONGREGAZIONE DEI SACRAMENTI, DECRETO. COMUNICAZIONE DELLA CONGREGAZIONE DEI RITI. LETTERA AGLI ORDINARI DEL LUOGO. DELLA SACRA ROMANA ROTA, CITAZIONI, NULLITA' DI MATRIMONIO.
650 _aECCLESIOLOGIA
942 _cCR
957 _71
999 _a49414
_bSI
_g1
_c323904
_d323904